| 000 | 00858nam a22003130a 4500 | ||
|---|---|---|---|
| 001 | PT32459 | ||
| 003 | AR-LpoUNG | ||
| 005 | 20210131225957.0 | ||
| 008 | 191001s2008||||sp |||||||||||||||||spa d | ||
| 020 |
_a9788471535955 _c$60 |
||
| 040 |
_aAR-LpoUNG _bspa _cAR-LpoUNG _eaacr |
||
| 041 | _aspa | ||
| 044 | _asp | ||
| 082 | 0 | _aR473 326dic | |
| 245 | 1 | 0 |
_aDiccionario esencial : _blatino - español, español - latino |
| 250 | _a3ra. ed. | ||
| 260 |
_aBarcelona : _bVox, _c2008. |
||
| 300 |
_a796 p. : _bmapas, tbls. |
||
| 650 | 4 | _aDICCIONARIOS | |
| 650 | 4 | _aLENGUA ESPAÑOLA | |
| 650 | 4 | _aLENGUA LATINA | |
| 650 | 4 | _aMATERIAL DE REFERENCIA | |
| 651 | 4 | _aDOCUMENTOS TEORICOS O METODOLOGICOS | |
| 653 | _aDICCIONARIOS BILINGÜES | ||
| 653 | _aDICCIONARIOS DE LATIN | ||
| 710 | 2 | _aLarousse (firma comercial) | |
| 905 | _a32459 | ||
| 942 | _cLSALA | ||
| 999 |
_c734 _d734 |
||